000 00805nam a2200217Ii 4500
003 JO-AjNU
008 230605s9999||||xx |||||||||||||| ||und||
017 _a2010/5/1854
040 _aJO-AjNU
_bara
_erda
_cJO-AjNU
041 _aara
050 1 4 _aBP173.75.I72 2011
100 3 _aعيسى، خليفي,
_eauthor
_930592
245 0 0 _aالتغيرات في قيمة النقود الآثار والعلاج في الإقتصاد الإسلامي
250 _aط1
264 3 1 _aعمان: دار النفائس للنشر والتوزيع، 2011
300 _a277ص
336 _atext
_btxt
_2rdacontent
337 _aunmediated
_bn
_2rdamedia
338 _avolume
_bnc
_2rdacarrier
650 4 _aالاسلام والاقتصاد- النقود الورقية- الاقتصاد الاسلامي
_930593
999 _aA12145
_c15713
_d15713